[Event "Hamburg-chT Landesliga 1516"]
[Site "Hamburg"]
[Date "2016.04.24"]
[Round "9.5"]
[White "Chin, Karin"]
[Black "Steinmetz, Oliver"]
[Result "1-0"]
[WhiteElo "2032"]
[BlackElo "1875"]
[PlyCount "59"]
[EventDate "2015.09.20"]
[EventType "team-tourn"]
[EventRounds "9"]
[EventCountry "GER"]
[SourceTitle "EXT 2022"]
[Source "ChessBase"]
[SourceDate "2021.10.06"]
[SourceVersion "1"]
[SourceVersionDate "2021.10.06"]
[SourceQuality "1"]
[WhiteTeam "Hamburg Koenigsspringer II"]
[BlackTeam "Hamburg Schachfreunde II"]
[WhiteTeamCountry "GER"]
[BlackTeamCountry "GER"]

1. e4 d5 2. exd5 Nf6 3. d4 Nxd5 4. Be2 g6 5. Nf3 Bg7 6. 0-0 0-0 7. c4 Nb6 8. Nc3 Nc6 9. Be3 Bg4 10. d5 Bxf3 11. Bxf3 Ne5 12. Bxb6 cxb6 13. Be2 Rc8 14. Qb3 Nd7 15. Ne4 Qc7 16. Rac1 Qf4 17. Nc3 Ne5 18. g3 Qf5 19. Qd1 h5 20. b3 Rcd8 21. Qc2 Qh3 22. Qe4 e6 23. dxe6 Rd4 24. exf7+ Rxf7 25. Qxd4 Nf3+ 26. Bxf3 Bxd4 27. Bd5 h4 28. Ne4 Qg4 29. Rcd1 Bc5 30. Nf6+ 1-0